Die Top 16 der PDC Order of Merit 2019 - Statistiken

Allgemein
  • Dieses Quiz wurde 31 mal gespielt
  • Das Durchschnittsergebnis liegt bei 13 aus 16
Antwortstatistiken
Weltranglistenplatz Land Dartsspieler % Korrekt
7 Schottland Peter Wright
100%
1 Niederlande Michael van Gerwen
96%
5 Schottland Gary Anderson
92%
3 Wales Gerwyn Price
92%
4 England Michael Smith
92%
8 England James Wade
83%
11 Österreich Mensur Suljovic
83%
2 England Rob Cross
83%
14 Australien Simon Whitlock
83%
10 England Dave Chisnall
75%
16 Wales Jonny Clayton
75%
6 Nordirland Daryl Gurney
67%
13 England Adrian Lewis
63%
9 England Ian White
63%
15 England Joe Cullen
63%
12 England Nathan Aspinall
58%
Keine übereinstimmenden Quizze gefunden
Verteilung der Resultate
Anzahl Personen mit jedem Resultat
Perzentil nach korrekt beantworteten Fragen
Ihre Resultats-Entwicklung
Sie haben dieses Quiz noch nicht gespielt